Fisicoquímica matemática / (Record no. 60368)

MARC details
000 -LEADER
campo de control de longitud fija 00645nam a2200181 i 4500
001 - NÚMERO DE CONTROL
campo de control 60368
003 - IDENTIFICADOR DE NÚMERO DE CONTROL
campo de control ES-MaACL
005 - FECHA Y HORA DE LA ÚLTIMA TRANSACCIÓN
campo de control 20230906164223.0
007 - CAMPO FIJO DE DESCRIPCIÓN FÍSICA--INFORMACIÓN GENERAL
campo de control de longitud fija t|
008 - DATOS DE LONGITUD FIJA--INFORMACIÓN GENERAL
campo de control de longitud fija 031104s1981 sp ||||1| spa d
100 1# - ENTRADA PRINCIPAL--NOMBRE DE PERSONA
Nombre de persona Escolar Méndez, Daniel.
9 (RLIN) 47606
245 10 - MENCIÓN DEL TÍTULO
Título Fisicoquímica matemática /
Mención de responsabilidad, etc. preparada por Daniel Escolar Méndez ; [Angel Rodríguez de Bodas, Jesús Morcillo Rubio].
260 ## - PUBLICACIÓN, DISTRIBUCIÓN, ETC.
Lugar de publicación, distribución, etc. [Madrid] :
Nombre del editor, distribuidor, etc. Universidad Nacional de Educación a Distancia,
Fecha de publicación, distribución, etc. [1981]
300 ## - DESCRIPCIÓN FÍSICA
Extensión 4 t. en 1 v. ;
Dimensiones 30 cm.
700 1# - ENTRADA AGREGADA--NOMBRE PERSONAL
Nombre de persona Rodríguez de Bodas, Angel.
9 (RLIN) 98442
700 1# - ENTRADA AGREGADA--NOMBRE PERSONAL
Nombre de persona Morcillo Rubio, Jesús.
9 (RLIN) 83191
852 ## - LOCALIZACIÓN
Ubicación ES-MaACL
Número de control de estantería L-2713
Sublocalización o colección R.103663
Holdings
Estatus retirado Estado de pérdida Estado de daño No para préstamo Biblioteca de origen Biblioteca actual Ubicación en estantería Fecha de adquisición Fuente de adquisición Total de préstamos Signatura topográfica completa Código de barras Visto por última vez Precio de reemplazo Tipo de ítem Koha
        Biblioteca del Ateneo de Madrid Biblioteca del Ateneo de Madrid Depósito 2 17/01/2008     L-2713 1063317 23/02/2023 23/02/2023 Libro impreso